• 首页
  • 本馆介绍
  • 公告通知
  • 最新文献
  • 馆藏检索
  • 电子资源
  • 读者导购
  • 参考咨询
  • 我的图书馆
  • 登录
  • 详细信息显示
  • 放入我的书架
  • 预约/预借图书
  • 作者相关作品
  • 分类相关作品
  • 丛书相关作品
  • 出版社相关作品

书目信息

  • 表格格式
  • 工作单格式
  • 卡片格式
题名:
1981年全国高等学校统一招生试题答案和评分标准
    
 
作者: ;河北人民出版社 编
分册:  
出版信息: 石家庄   河北人民出版社  1981
页数: 116页
开本: 19cm
丛书名:
单 册:
中图分类: G632.479
科图分类:
主题词: 高等学校--入学考试--试题
电子资源:
ISBN:
000 00794nam0 2200241 45
001 0181009247
005 20060817175448.03
010    @dCNY0.30
091    @a7086.1064
100    @a19950519d1981 em y0chiy0121 ea
101 0  @achi
102    @aCN@b130000
102    @aCN@b130000
105    @ay q 000yy
200 10 @a1981年全国高等学校统一招生试题答案和评分标准@A1981 nian quan guo gao deng xue xiao tong yi zhao sheng shi ti da an he ping fen biao zhun@f河北人民出版社编@Fhe bei ren min chu ban she bian
210    @a石家庄@c河北人民出版社@d1981
215    @a116页@d19cm
606    @a高等学校@x入学考试@x试题
690    @aG632.479@v3
711 02 @a河北人民出版社@Ahe bei ren min chu ban she@4编
801  2 @aCN@bNLC@c20060817
801  0 @aCN@bTSSF@c20060802
905    @dG632.479@e100
    
    1981年全国高等学校统一招生试题答案和评分标准/河北人民出版社编.-石家庄:河北人民出版社,1981
    116页;19cm
    
    
    ISBN :CNY0.30
    
●
相关链接 在E读中查询图书 在五车中查询图书 在当当中查询图书 在豆瓣中查询图书


正题名:1981年全国高等学校统一招生试题答案和评分标准     索取号:G632.479/100         预约/预借

序号 登录号 条形码 馆藏地/架位号 状态 备注
1 0425278   204252780   密集书库/ [索取号:G632.479/100] 在馆    
2 0425279   204252799   密集书库/ [索取号:G632.479/100] 在馆    
3 0441826   204418264   密集书库/ [索取号:G632.479/100] 在馆    
4 0465542   204655426   密集书库/ [索取号:G632.479/100] 在馆    
唐山师范学院图书馆 欢迎您!
大连网信软件有限公司© 版权所有